Sports Quiz

Random Sports or Auto Racing Quiz
Score 0/14 Timer 10:00
0 Plays Today
Track Driver % Correct
St. PetersburgSpencer Pigot
100%
St. PetersburgSpencer Pigot
100%
BarberSpencer Pigot
100%
BarberSpencer Pigot
100%
HoustonSpencer Pigot
100%
MilwaukeeSpencer Pigot
100%
Indy GPScott Hargrove
60%
Track Driver % Correct
Indy GPScott Hargrove
60%
Lucas Oil RacewayGarett Grist
60%
HoustonScott Hargrove
60%
Mid-OhioGarett Grist
60%
SonomaKyle Kaiser
60%
SonomaJose Gutierrez
40%
Mid-OhioNicolas Costa
20%
Remove Ads.
Support Sporcle.
Get the best of Sporcle when you Go Orange. This ad-free experience offers more features, more stats, and more fun while also helping to support Sporcle. Thank you for becoming a member.

You're not logged in!

Compare scores with friends on all Sporcle quizzes.
OR
Log In

Show Comments

Extras

Created Oct 2, 2019ReportNominate
Tags:Auto Racing Quiz

Top Quizzes Today


Score Distribution

Your Account Isn't Verified!

In order to create a playlist on Sporcle, you need to verify the email address you used during registration. Go to your Sporcle Settings to finish the process.

Report this User

Report this user for behavior that violates our Community Guidelines.

Details: